Responses for Show #6684 - Thursday, October 10, 2013

Contestants

[<< previous game]

William Bernhardt, a novelist from Midwest City, Oklahoma

Kate Kwiatkowski, a psychiatrist from Champaign, Illinois

Jason Idalski, a web producer from Ypsilanti, Michigan (whose 2-day cash winnings total $35,998)

[next game >>]

Jeopardy! Round responses

MY NEXT MUSTACHE
POP CULTURE
BUILT TO DESTROY
"PIN"-TEREST
THE MAMAS
THE PAMPAS
    $200 6
handlebar

Kate
    $200 7
Hannibal Lecter

William
    $200 13
shell

William
    $200 1
Pin the tail on the donkey

Jason
    $200 8
(Kate: Who is Mama Cass?)
...
(Alex: The Whitney referred to is Whitney Houston. The author was [*], her mom.)

Cissy Houston

Kate
Triple Stumper
    $200 16
Argentina

Jason
    $400 21
(Jason: What is a caterpillar?)

walrus

Jason
Triple Stumper
    $400 15
Eleanor Rigby

Kate
    $400 14
submarines

Kate
    $400 2
rolling pin

Jason
    $1,000 9
(William: Who is [*]... uh, excuse me... who is Mary?)
...
(Alex: You should have stayed with your original thought. She was the mother of Queen [*].)

Elizabeth I

William
    $400 17
(Jason: What is papyrus?)

grass

Jason
Triple Stumper
    $600 22
DalĂ­

William
    $600 23
Indiana Pacers

Jason
    $600 26
(Alex: They're still using it. It's the [*].)

M16

Triple Stumper
    $600 3
hairpin

Jason
    $600 10
Black Beauty

William
    $600 18
rodents

Kate
    $800 28
Fu Manchu

Triple Stumper
    $800 24
Rihanna

Jason
    $800 27
(Alex: It's a word you're very familiar with... [*].)

Panzer

Triple Stumper
    $800 4
Terrapin

Jason
    $800 11
Marie Curie

Jason
    $800 19
(Alex: It's a big [*].)

ranch

Triple Stumper
    $1000 29
Pancho Villa

Triple Stumper
    $1000 25
Iron Man

William
    $1000 30
multiple warheads

Triple Stumper
    $1000 5
candlepin

Jason
    $1000 12
Grendel

William
    $1000 20
gauchos

Jason

Scores at the first commercial break (after clue 15):

Jason Kate William
$3,800 $800 $1,000

Scores at the end of the Jeopardy! Round:

Jason Kate William
$5,600 $1,400 $2,600

Double Jeopardy! Round responses

AMERICAN ISLANDS
PLAY BALL MUSIC
ON A MISSION
SOUTHERN BOOKSTORE
I'M GOING INTO LABOR
ONE LETTER ONLY
    $400 9
(William: What is Hawaii?)

Pearl Harbor

JasonWilliam
    $400 4
"Glory Days"

Kate
    $400 21
the State Department

Kate
    $400 1
Bees

William
    $400 25
(William: What is Labor Day?)

May Day

KateWilliam
    $400 16
C

William
    $800 10
Martha's Vineyard

Triple Stumper
    $800 5
(William: What is Wrigley Stadium?)

Wrigley Field

KateWilliam
    $800 22
(Alex: I have them in my backyard. They're called [*].)

figs

Triple Stumper
    $800 2
Deliverance

William
    $800 19
Y

William
    $1200 11
Narragansett Bay

Kate
    $1200 6
(Kate: What is shortstop?)

centerfield

JasonKate
    $1200 23
the Beagle

William
    $1200 3
The Citadel

Jason
    $2,000 20
K

William
    $2,000 12
(Kate: Ten Mile Island?)

Three Mile Island

Kate
    $1600 7
(Kate: Who is Peru?)

Rod Carew

Kate
Triple Stumper
    $1600 24
oak

Triple Stumper
    $1600 14
Scarlett

William
    $1600 17
O

William
    $2000 13
Channel Islands

Triple Stumper
    $2000 8
(Mark) Fidrych

Jason
    $2000 26
the Space Shuttle

Triple Stumper
    $2000 15
(Kate: What is The Heart Is a Lonely Hunter?)

The Member of the Wedding

KateWilliam
    $2000 27
[The end-of-round signal sounds.]

SEIU

Jason
    $2000 18
(Jason: What is the Model T?)

A

Jason
Triple Stumper

Scores at the end of the Double Jeopardy! Round:

Jason Kate William
$10,400 -$2,200 $11,800

[wagering suggestions for these scores]

Final Jeopardy! Round responses

LITERARY ILLUSTRATIONS
JasonWho is Little Orphan A
$1,600
WilliamWho is Cosette?
$9,001
Cosette

Final scores:

Jason Kate William
$8,800 -$2,200 $20,801
2nd place: $2,000 3rd place: $1,000 New champion: $20,801

Game dynamics:

Coryat scores:

Jason Kate William
$10,400 -$200 $12,000
15 R,
3 W
9 R,
5 W
(including 1 DD)
15 R
(including 1 DD),
4 W
(including 1 DD)

Combined Coryat: $22,200

[game clues] [game scores] [suggest correction]

Game tape date: 2013-08-28
The J! Archive is created by fans, for fans. Scraping, republication, monetization, and malicious use prohibited; this site may use cookies and collect identifying information. See terms. The Jeopardy! game show and all elements thereof, including but not limited to copyright and trademark thereto, are the property of Jeopardy Productions, Inc. and are protected under law. This website is not affiliated with, sponsored by, or operated by Jeopardy Productions, Inc. Join the discussion at JBoard.tv.